| 000 | 00000nam##2200000za#4500 |
| 001 | 9.700377 |
| 003 | CaOODSP |
| 005 | 20250506145324 |
| 007 | cr ||||||||||| |
| 008 | 150407|1992||||xxc|||||o f|0| 0 eng|d |
| 040 | |aCaOODSP|beng |
| 043 | |an-cn--- |
| 086 | 1 |aA43-1684/1992E-PDF |
| 110 | 1 |aCanada.|bAgriculture Canada. |
| 245 | 10|aCucumber diseases / |h[electronic resource]|cby W. R. Jarvis. |
| 250 | |aRev. |
| 260 | |aOttawa - Ontario : |bAgriculture Canada |c1992. |
| 300 | |a52p.|bcoloured illus. |
| 500 | |aHistorical publication digitized by Agriculture and Agri-Food Canada. |
| 590 | |a15-03-Supp|b2015-03-13 |
| 690 | 07|aPlant diseases|2gcpds |
| 720 | 1 |aJarvis, W. R. |
| 775 | 08|tMaladies de concombre / |w(CaOODSP)9.644273 |
| 776 | 0#|tCucumber diseases / |w(CaOODSP)9.644579 |
| 856 | 40|ahttp://publications.gc.ca|qPDF|s3392 KB|uhttps://publications.gc.ca/collections/collection_2015/aac-aafc/A43-1684-1992-eng.pdf |
| 986 | |aPublication 1684E |